Celebrity Golfers Quiz Stats

Quiz Updated Oct 15, 2015

Challenge
Share
Tweet
Score 0/18 Timer 05:00
2 Plays Today
% Correct
Justin Timberlake
88.5%
Michael Jordan
87.2%
Samuel L. Jackson
85.1%
Bill Murray
81.8%
Sean Connery
74.9%
Charles Barkley
69.1%
Alice Cooper
66%
Mark Wahlberg
64%
Audrey Hepburn
63.3%
% Correct
Babe Ruth
63%
Kevin Costner
60.9%
Hugh Grant
59.8%
Ray Romano
59.3%
Adam Levine
49.2%
Matthew McConaughey
43.8%
Catherine Zeta-Jones
34.9%
Mario Batali
21.5%
Justin Bieber
20.2%

You're not logged in!

Compare scores with friends on all Sporcle quizzes.
Join for Free
OR
Log In

You Might Also Like...

Show Comments

Extras

Top Quizzes Today


Score Distribution

Your Account Isn't Verified!

In order to create a playlist on Sporcle, you need to verify the email address you used during registration. Go to your Sporcle Settings to finish the process.

Report this User

Report this user for behavior that violates our Community Guidelines.

Details: